02630nkc a2200373za 450000100060000000300040000600500170001000700070002700800410003404000240007510000410009924500500014026000240019030001000021450002770031450001920059150000650078350001340084850001690098250400520115150500490120351001510125251002100140356101300161361000500174365100260179365500400181970000600185985200120191985601500193194200250208195201330210699900170223984455OSt20260318125235.0kh boc250410s19101911sp ||||| ||||||0| i|spa d aM-RABAbspacM-RABA1 aElorza, Lorenzod(1861-1931)911106810aEzquerecochab: Ventana del ábsidec/ L. E. c[ca. 1910 – 1911] a1 fotografíab: gelatina de platac; imagen 12 x 16,5 cmc; soporte secundario 21,5 x 26,5 cm aVista del ventanal situado en el ábside de la iglesia parroquial de San Román en Ezquerecocha, compuesto por un arco apuntado y tres arquivoltas decoradas con motivos vegetales y geométricos. Estas se apean en seis columnas, tres a cada lado, de capiteles decorados. aFotografía montada sobre soporte secundario de cartulina azul enmarcada con orla en relieve. Título y numeración manuscrita que hace referencia a la posición en la serie “74”. aSello con monograma del fotógrafo en tinta roja “L.E.” aFechas tomadas de la ejecución del positivo de las fotografías, incluido el soporte secundario. (Soto Madrazo, Javier. 2008). aForma parte de un conjunto de 167 fotografías empleadas por Federico Baráibar Zumárraga para la elaboración del Inventario del Románico en Álava (1911). aBaraibar, F.: "Rincones artísticos", M. 1914. aEzquerecocha.- Ventana del ábside. / L. E. aDescripción tomada de: Soto Madrazo, Javier (2008). Federico Baraibar y el Inventario del Románico en Álava: una caja con 167 fotografías. aEsta colección fue utilizada posteriormente por Cristóbal de Castro para la elaboración y publicación del "Catálogo Monumental de España: provincia de Álava", Madrid, S. de Rivadeneira, 1915. aDonadas junto con la memoria manuscrita a la Academia por el mismo Baraibar (Sesión 12 de febrero de 1912, Archivo: 4-32-1)20aIglesia de San Román (Ezquerecocha)9111615 7aÁlava2embne975661 0aFotografías de monumentos91115801 aBaráibar y Zumárraga, Federico d(1851-1918)912926 jFot-183 3Fot-183uhttps://archivoybiblioteca.realacademiabellasartessanfernando.com/cgi-bin/koha/opac-retrieve-file.pl?id=2e88ca1930e5550c80d3cc4afd62622f 2ddccFOTOGRAFÍAn0 00102ddc40708FOTOGRAFIAaRABASFbRABASFcDP2d2025-04-10l0oFot-183p1095331r2025-04-10 11:12:01w2025-04-10yFOTOGRAFÍA c84455d84455